000 00813nam a22002297a 4500
003 OSt
005 20260202032253.0
008 260202b |||||||| |||| 00| 0 eng d
020 _a978-0-7879-7812-9.
040 _aDWC-Main lib
_cOC
082 _aCirc. 371.904 P615e 2007
100 _aPierangelo, Roger
245 _aThe educator's diagnostic manual of disabilities and disorders
_cRoger Pierangelo
260 _aCalif. :
_bJossey-Bass,
_cc2007.
300 _axli, 525 pages :
_c23 cm.
504 _aIncludes bibliographical references and index.
650 _a1. Children with disabilities-Education-Ability testing.
650 _a2. Children with disabilities-Identification.
650 _a3. Children with disabilities-Medical care.
700 _aHiulani, George A.
942 _2ddc
_cBK-CIRC
_kCirc.
_n0
999 _c8101
_d8101